000 00518cam a2200181 4500
001 2691835
005 20250614142911.0
008 711117s1971 miu b 000 0 eng
020 _a0801005493
050 0 0 _aBT1102
_b.B32
082 0 0 _a239
100 1 _aBaxter, Batsell Barrett,
_d1916-
245 1 0 _aI believe because ...;
_ba study of the evidence supporting Christian faith.
260 _aGrand Rapids,
_bBaker Book House Co.
_c[1971]
300 _a284 p.
_c22 cm.
650 0 _aApologetics.
942 _2lcc
_cBK
_n0
999 _c6494
_d6494